| Tag |
First Indicator |
Second Indicator |
Subfields |
| LEADER |
00000ccm a2200000Ma 4500 |
| 001 |
in00002425021 |
| 005 |
20151109170105.0 |
| 008 |
940721t19641924au sga n ger d |
| 028 |
2 |
2 |
|a U.E. 7629
|b Universal Edition
|
| 035 |
|
|
|a (OCoLC)ocm68588042
|
| 035 |
|
|
|a (OCoLC)68588042
|
| 040 |
|
|
|a EYM
|c EYM
|d OCLCG
|d UtOrBLW
|
| 045 |
2 |
|
|b d1917
|b d1922
|
| 048 |
|
|
|a va01
|a wa01
|a wc01
|a bb01
|a ta01
|a sa01
|
| 048 |
|
|
|a va01
|a wa01
|a wg01
|a bb01
|a ta01
|a sb01
|
| 049 |
|
|
|a TXAM
|
| 090 |
|
|
|a M2103.3
|b .W33 op. 15 1964
|
| 100 |
1 |
|
|a Webern, Anton,
|d 1883-1945.
|
| 240 |
1 |
0 |
|a Geistliche Lieder
|
| 245 |
1 |
0 |
|a Fèunf geistliche Lieder :
|b fèur Gesang, Flèote, Klarinette (auch Bassklarinette), Trompete, Harfe und Geige (auch Viola), op. 15 /
|c Anton Webern.
|
| 246 |
3 |
|
|a 5 geistliche Lieder
|
| 254 |
|
|
|a Partitur.
|
| 264 |
|
1 |
|a [Wien] ;
|a [New York] :
|b Universal Edition,
|c [1964?]
|
| 264 |
|
4 |
|c ©1924
|
| 300 |
|
|
|a 1 score (14 pages) ;
|c 31 cm.
|
| 336 |
|
|
|a notated music
|b ntm
|2 rdacontent
|
| 337 |
|
|
|a unmediated
|b n
|2 rdamedia
|
| 338 |
|
|
|a volume
|b nc
|2 rdacarrier
|
| 500 |
|
|
|a German words.
|
| 650 |
|
0 |
|a Sacred songs (High voice) with instrumental ensemble
|v Scores.
|
| 948 |
|
|
|a cataloged
|b h
|c 2008/11/25
|d c
|e bhartsfi
|f 1:34:37 pm
|
| 994 |
|
|
|a C0
|b TXA
|
| 999 |
|
|
|a MARS
|
| 999 |
f |
f |
|s c49a00e1-c8fb-3695-ab66-2ef288e48a1a
|i 22fdc75a-10a8-3d37-af00-5757a6f93cd5
|t 0
|
| 952 |
f |
f |
|p ric
|a Texas A&M University
|b Rellis Campus
|c Joint Library Facility
|d Remote Storage
|t 0
|e M2103.3 .W33 op. 15 1964
|h Library of Congress classification
|i unmediated -- volume
|m A14837529812
|
| 998 |
f |
f |
|a M2103.3 .W33 op. 15 1964
|t 0
|l Remote Storage
|